Taiwan Railway Yilan Line - Statistics

General Stats
  • This quiz has been taken 12 times
  • The average score is 20 of 27
Answer Stats
Hint Answer % Correct
7160 羅東 Luodong
100%
7120 蘇澳 Su'ao
100%
7190 宜蘭 Yilan
100%
7210 礁溪 Jiaoxi
91%
7360 瑞芳 Ruifang
91%
7330 三貂嶺 Sandiaoling
91%
7130 蘇澳新 Su'aoxin
91%
0920 八堵 Badu
82%
7290 福隆 Fulong
82%
7300 貢寮 Gongliao
82%
7350 猴硐 Houtong
82%
7310 雙溪 Shuangxi
82%
7230 頭城 Toucheng
82%
7270 大里 Dali
73%
7150 冬山 Dongshan
73%
7180 二結 Erjie
73%
7250 龜山 Guishan
73%
7260 大溪 Daxi
64%
7390 暖暖 Nuannuan
64%
7280 石城 Shicheng
64%
7380 四腳亭 Sijiaoting
64%
7240 外澳 Wai'ao
64%
7220 頂埔 Dingpu
55%
7320 牡丹 Mudan
55%
7140 新馬 Xinma
55%
7170 中里 Zhongli
55%
7200 四城 Sicheng
45%
No matching quizzes found
Score Distribution
Percent of People with Each Score
Percentile by Number Answered
Your Score History
You have not taken this quiz